Finanční zpravodaj

Na minha lista:
Detalhes bibliográficos
Formato: Periódico
Idioma:tcheco
Publicado em: Praha Fed. min. fin. 1988
Tags: Adicionar Tag
Sem tags, seja o primeiro a adicionar uma tag!

MARC

LEADER 00000nas2a2200000 4500
001 s038760
005 20250730114150.0
041 0 |a cze 
044 |a CZ 
245 1 0 |a Finanční zpravodaj 
264 1 |a Praha  |b Fed. min. fin.  |c 1988 
300 |a 1 
773 0 |w eu_un_cat*s120170